Essential words and phrases: Spanish - Statistics

General Stats
  • This quiz has been taken 157 times
  • The average score is 32 of 63
Answer Stats
Hint Answer % Correct
Thankyou Gracias
99%
No No
99%
Please Por favor
99%
Yes Si
99%
2 Dos
86%
3 Tres
86%
1 Uno
86%
Goodbye Adios
82%
8 Ocho
82%
5 Cinco
81%
4 Cuatro
78%
You're Welcome De nada
78%
6 Seis
78%
10 Diez
77%
9 Nueve
76%
I am Soy
76%
Im Sorry Lo siento
75%
My name is... Me llamo
72%
And Y
72%
I like Me gusta
71%
7 Siete
71%
Bus Autobus
68%
Airport Aeropuerto
67%
How are you? Como estas
66%
Excuse me Perdon
65%
I don't like No me gusta
62%
Taxi Taxi
62%
Train Tren
62%
What is your name? Como te llamas
59%
When? Cuando
59%
Where is Donde esta
59%
I speak Hablo
59%
Restaurant Restaurante
58%
Write Escribir
57%
Pay Pagar
52%
Where are you from? De donde eres
49%
I'm fine Estoy bien
49%
I am from... Soy de
49%
Do you have...? Tienes
44%
Do you speak english? Hablas ingles
43%
Do you like...? Te gusta
43%
How do you say...? Como se dice
37%
Place Lugar
34%
I don't understand No entiendo
33%
I don't speak... No hablo
33%
I want to go to Quiero ir a
33%
How much does it cost? Cuanto cuesta
32%
What is this? Que es esto
32%
Help Ayuda
30%
Can I have...? Puedo tener
27%
I would like Me gustaria
23%
Danger Peligro
23%
Doctor Medico
22%
Okay Vale
11%
Can you repeat that? Puedes repetir eso
9%
What is the best...? Que es lo mejor
4%
What does that mean? Que significa eso
4%
Nice to meet you Encantada de conocerte
3%
Police Policial
1%
How do I get to... Como se va a
0%
How far is... Esta lejos
0%
Maybe Quiza quizas
0%
Can you speak slower? Sabes hablar mas despacio
0%
No matching quizzes found
Score Distribution
Percent of People with Each Score
Percentile by Number Answered
Your Score History
You have not taken this quiz